Red (Taylor's Version) Album - Statistics

General Stats
  • This quiz has been taken 1,647 times
  • The average score is 22 of 30
Answer Stats
Red (Taylor's Version) % Correct
2. Red
98%
5. All Too Well
97%
6. 22
91%
1. State Of Grace
88%
8. We Are Never Ever Getting Back Together
88%
4. I Knew You Were Trouble
87%
30. 10 Minute Version All Too Well (10 Minute Version)
81%
14. ft. Ed Sheeran Everything Has Changed
80%
28. ft. Ed Sheeran Run
80%
23. ft. Phoebe Bridgers Nothing New
78%
3. Treacherous
77%
26. ft. Chris Stapleton I Bet You Think About Me
76%
21. Ronan
75%
10. ft. Gary Lightbody The Last Time
75%
25. From The Vault Message In A Bottle
72%
9. Stay Stay Stay
70%
24. From The Vault Babe
69%
11. Holy Ground
69%
29. From The Vault The Very First Night
68%
16. Begin Again
66%
22. From The Vault Better Man
66%
27. From The Vault Forever Winter
66%
19. Girl At Home
64%
12. Sad Beautiful Tragic
64%
15. Starlight
64%
18. Come Back...Be Here
63%
7. I Almost Do
62%
13. The Lucky One
62%
17. The Moment I Knew
62%
20. Acoustic Version State Of Grace Acoustic
61%
No matching quizzes found
Score Distribution
Percent of People with Each Score
Percentile by Number Answered
Your Score History
You have not taken this quiz